Statistics for Famous Faces - March Birthdays

Click here to take the quiz!

General Stats

  • This quiz has been taken 261 times
  • The average score is 10 of 31

Answer Stats

Answer% Correct
Albert Einstein
94%
Elton John
88%
Vincent van Gogh
85%
Lady Gaga
83%
Osama bin Laden
77%
Mikhail Gorbachev
72%
Fergie
49%
Johann Sebastian Bach
49%
Ruth Bader Ginsburg
49%
Nat King Cole
39%
Harry Houdini
38%
Rosie O'Donnell
35%
Bobby Fischer
33%
Fred Rogers
32%
James Madison
31%
Sam Walton
26%
Sandra Day O'Connor
19%
Neville Chamberlain
18%
Chaka Khan
17%
Michelangelo
17%
Antonio Vivaldi
16%
Antonin Scalia
15%
Adolf Eichmann
13%
Jack Kerouac
12%
Frédéric Chopin
11%
Alexander Graham Bell
10%
James Patterson
6%
Rosa Luxemburg
5%
William V, Prince of Orange
3%
Mahmoud Darwish
0%
Piet Mondrian
0%

Score Distribution

Percentile by Number Answered

Percent of People with Each Score

Your Score History

You have not taken this quiz